000 01207nam a2200229Ii 4500
003 JO-AjNU
005 20240623125238.0
008 230605s9999||||xx |||||||||||||| ||und||
040 _aJO-AjNU
_bara
_erda
_cJO-AjNU
041 _aara
100 _aابو السندس، عدي محمد
_964730
_eمعد
245 _aالإفصاح المحاسبي عن رأس المال الفكري وأثره على الأداء المالي للشركات الصناعية المدرجة في سوق عمان المالي = The Accounting Disclosure of Intellectual Capital and Its Impact on The Financial Performance of Industrial Companies Listed At Amman Stock Exchange /
_cاعداد عدي محمد ابو السندس؛ إشراف نبيل الحلبي
260 _c2015
300 _a134 ورقه
336 _atext
_btxt
_2rdacontent
337 _aunmediated
_bn
_2rdamedia
338 _avolume
_bnc
_2rdacarrier
500 _aرسالة جامعية (ماجستير) - جامعة عمان العربية، 2015 تحتوي على جداول توضيحية
650 _vالشركات الصناعية-المحاسبة-الأردن
700 _aنبيل الحلبي
_964735
_eمشرف
942 _2lcc
_cTHS
999 _c32976
_d32976